000 00505nam a2200169Ia 4500
003 SGT
020 _a9788120302990
082 _a537.5
_bRYD
100 _aRyder,john D
245 _aNetworks lines and fields
250 _a2nd Ed.
260 _bPHI Learning Private Limited
_aNew Delhi
_c1995
300 _a593p.
650 _aELECTRICTY AND ELECTRONICS
653 _aNetwork Transformations,Resonance,Impedance Transformation and Coupled Circuits,Filters,Transmission Line Parameters
942 _2ddc
_cBK
999 _c4988
_d4988